Inorganic and organometallic polymers II : (Record no. 25756)

MARC details
000 -LEADER
fixed length control field 01544cam a22003255i 4500
001 - CONTROL NUMBER
control field 654211
003 - CONTROL NUMBER IDENTIFIER
control field EG-ScBUE
005 - DATE AND TIME OF LATEST TRANSACTION
control field 20250813093342.0
008 - FIXED-LENGTH DATA ELEMENTS--GENERAL INFORMATION
fixed length control field 940901s1994 waua f b 101 0 eng d
020 ## - INTERNATIONAL STANDARD BOOK NUMBER
International Standard Book Number 0841230366
040 ## - CATALOGING SOURCE
Original cataloging agency EG-ScBUE
Language of cataloging eng
Description conventions rda
Transcribing agency EG-ScBUE
Modifying agency EG-ScBUE
082 04 - DEWEY DECIMAL CLASSIFICATION NUMBER
Classification number 546
Edition number 22
Item number INO
245 00 - TITLE STATEMENT
Title Inorganic and organometallic polymers II :
Remainder of title advanced materials and intermediates : developed from a symposium sponsored by the Division of Polymer Chemistry, Inc., at the 205th National Meeting of the American Chemical Society, Denver, Colorado, March 28-April 2, 1993 /
Statement of responsibility, etc Patty Wisian-Neilson, editor, Southern Methodist University, Harry R. Allcock, editor, Pennsylvania State University, Kenneth J. Wynne, editor, Office of Naval Research.
264 #1 - PUBLICATION, DISTRIBUTION, ETC. (IMPRINT)
Place of publication, distribution, etc Washington :
Name of publisher, distributor, etc American Chemical Society,
Date of publication, distribution, etc 1994.
300 ## - PHYSICAL DESCRIPTION
Extent xiii, 536 pages :
Other physical details illustrations ;
Dimensions 24 cm.
336 ## - CONTENT TYPE
Source rdacontent
Content type term text
Content type code txt
337 ## - MEDIA TYPE
Media type term unmediated
Source rdamedia
Media type code n
338 ## - CARRIER TYPE
Carrier type term volume
Carrier type code nc
Source rdacarrier
490 0# - SERIES STATEMENT
Series statement ACS symposium series,
International Standard Serial Number 0097-6156 ;
Volume number/sequential designation 572
504 ## - BIBLIOGRAPHY, ETC. NOTE
Bibliography, etc Includes bibliographical references and index.
650 #7 - SUBJECT ADDED ENTRY--TOPICAL TERM
Topical term or geographic name as entry element Inorganic polymers
Form subdivision Congresses.
Source of heading or term BUEsh
650 #7 - SUBJECT ADDED ENTRY--TOPICAL TERM
Topical term or geographic name as entry element Organometallic polymers
Form subdivision Congresses.
Source of heading or term BUEsh
653 ## - INDEX TERM--UNCONTROLLED
Resource For college Generalities
Arrived date list December2017
655 ## - INDEX TERM--GENRE/FORM
Form subdivision Reading book
700 2# - ADDED ENTRY--PERSONAL NAME
Personal name Wisian-Neilson, Patty,
Dates associated with a name 1949-
Relator term editor.
700 1# - ADDED ENTRY--PERSONAL NAME
Personal name Allcock, H. R.,
Relator term editor.
700 1# - ADDED ENTRY--PERSONAL NAME
Personal name Wynne, Kenneth J.,
Dates associated with a name 1940-
Relator term editor.
710 2# - ADDED ENTRY--CORPORATE NAME
Corporate name or jurisdiction name as entry element American Chemical Society.
Subordinate unit Meeting
Number of part/section/meeting (205th :
Date of meeting or treaty signing 1993 :
Location of meeting Denver, Colo.)
942 ## - ADDED ENTRY ELEMENTS (KOHA)
Source of classification or shelving scheme Dewey Decimal Classification
Koha item type Book - Borrowing
Holdings
Withdrawn status Lost status Source of classification or shelving scheme Damaged status Not for loan Collection code Home library Current library Shelving location Date acquired Total Checkouts Full call number Barcode Date last seen Price effective from Koha item type
    Dewey Decimal Classification     Baccah Central Library Central Library Second Floor 20/12/2017   546 INO 000046952 15/07/2025 20/12/2017 Book - Borrowing